| 000 -LEADER |
| fixed length control field |
00524nam a22001697a 4500 |
| 008 - FIXED-LENGTH DATA ELEMENTS--GENERAL INFORMATION |
| fixed length control field |
151120b xxu||||| |||| 00| 0 eng d |
| 020 ## - INTERNATIONAL STANDARD BOOK NUMBER |
| International Standard Book Number |
0030210925 |
| 041 0# - LANGUAGE CODE |
| Language code of text/sound track or separate title |
eng |
| 080 ## - UNIVERSAL DECIMAL CLASSIFICATION NUMBER |
| Universal Decimal Classification number |
658.15 |
| 100 1# - Rafti |
| Rafti |
Jackson, Steve, |
| 245 10 - TITLE STATEMENT |
| Title |
Managerial accounting : |
| Statement of responsibility, etc |
Steve Jackson, Roby Sawyers. |
| 260 ## - |
| -- |
Fort Worth , TX : |
| -- |
Harcourt College Publishers, |
| -- |
2001. |
| 300 ## - |
| -- |
xxxii, 486 f. : |
| -- |
me il.; |
| -- |
29 cm. |
| 650 #0 - |
| -- |
Kontabilitet menaxherial |
| 700 1# - |
| -- |
Sawyers, Roby. |
| 942 ## - ADDED ENTRY ELEMENTS (KOHA) |
| Source of classification or shelving scheme |
|
| Item type |
Books |